Les Tonga pour les touristes... - Facile - Statistiques

Statistiques générales
  • Ce quiz a été pris 2 fois
  • Le résultat moyen est 15 sur 21
Statistiques - réponses
Question Indice Réponses Indice facile % Correct
Quelles sont les langues officielles ? Anglais
100%
Achats à faire 2/ Sculptures en Bois SIOB
100%
La conduite se fait à droite ou à gauche ? Gauche
100%
Avez-vous besoin d'un visa ? (oui/non) Non
100%
Dans la capitale y-a-t-il un décalage horaire avec Paris ? (oui/non) Oui
100%
Achats à faire 3/ Petits bijoux à suspendre Pendentif DEFIENTNP
100%
A quelle région appartient ce pays P Polynésie
100%
La religion majoritaire est Protestantisme P
100%
Achats à faire 1/ Peintures appelées Tapa PATA
100%
Le suffixe internet est to
100%
Quelles sont les langues officielles ? Tongan T
100%
Quel est le climat local ? T Tropical CALITORP
100%
La vitesse est limitée hors agglomération {110} km/h
50%
Combien d'heures (environ) mettrez-vous pour vous y rendre ? (en chiffres) 38
50%
Comment se nomme la principale compagnie aérienne locale AT Airlines Tonga REGIONALISANT
50%
Quelles sont les principaux lieux touristiques ? SJ Cathédrale {Saint-Joseph} HJAPONISTES
50%
Quelles sont les principaux lieux touristiques ? E {Eglise} libre de Tonga SEIGLE
50%
Quelle est la monnaie ? Pa'anga P
50%
Le principal aéroport est à F Fua'amotu AUMOUFTA
0%
Quelles sont les principaux lieux touristiques ? T Tombes {royales} OLYSERA
0%
Quelles sont les principaux lieux touristiques ? T {Trilithon} de Ha'amonga'a HLINTROIT
0%
Aucun quiz correspondant
Distribution des résultats
% des personnes avec chaque résultat
Percentile par nombre de réponses
Votre historique - résultats
Vous n’avez pas pris ce quiz